Central Library OPAC University of Rajshahi

Translation of the Holy Qur-ân : (Record no. 25269)

MARC details
000 -LEADER
fixed length control field 00819nam a2200229 a 4500
001 - CONTROL NUMBER
control field 25269
003 - CONTROL NUMBER IDENTIFIER
rucl marc code BD-RjUL
005 - DATE AND TIME OF LATEST TRANSACTION
control field 20211209050844.0
008 - FIXED-LENGTH DATA ELEMENTS--GENERAL INFORMATION
fixed length control field 181010s1929 si 000 0 und d
035 ## - SYSTEM CONTROL NUMBER
System control number (BD-RjUL)25338
040 ## - CATALOGING SOURCE
Original cataloging agency EQO
Transcribing agency EQO
Language of cataloging eng
Modifying agency BD-RjUL
041 ## - LANGUAGE CODE
Language code of text/sound track or separate title eng
082 ## - DEWEY DECIMAL CLASSIFICATION NUMBER
Edition number 23
Classification number 297.122521
Author mark and year TRA 1929
245 00 - TITLE STATEMENT
Title Translation of the Holy Qur-ân :
Remainder of title from the original Arabic text, with critical essays, life of Muhammad, complete summary of contents /
Statement of responsibility, etc. by Al-haj Hafiz Ghulam Sarwar
250 ## - EDITION STATEMENT
Edition statement 1st ed.
260 ## - PUBLICATION, DISTRIBUTION, ETC. (IMPRINT)
Place of publication, distribution, etc. Singapore :
Name of publisher, distributor, etc. The Author ;
Place of publication, distribution, etc. Woking, Surrey :
Name of publisher, distributor, etc. S.M.S. Faruque,
Date of publication, distribution, etc. [1929]
300 ## - PHYSICAL DESCRIPTION
Pagination cxix, 377 p. ;
Size 26 cm
650 ## - SUBJECT ADDED ENTRY--TOPICAL TERM
Topical term or geographic name as entry element Quran
General subdivision Translation, English
9 (RLIN) 223536
Topical term or geographic name as entry element Sacred books.
9 (RLIN) 223537
700 1# - ADDED ENTRY--PERSONAL NAME
Personal name Sarwar, Hafiz Ghulam,
Dates associated with a name 1873- ,ed. & tr.
942 ## - ADDED ENTRY ELEMENTS (KOHA)
Source of classification or shelving scheme Dewey Decimal Classification
Koha item type Rare Books
Holdings
Lost status Source of classification or shelving scheme Damaged status Not for loan Collection code Permanent Location Current Location Shelving location Date acquired Total Checkouts Full call number Date last seen Copy number Koha item type
  Dewey Decimal Classification   Not For Loan Rare Books Central Library, University of Rajshahi Central Library, University of Rajshahi Rare Book Section 10/10/2018   RA 297.122521 TRA 1929 10/10/2018 C-1 Rare Books